Historia farmacológica del curare (Record no. 164819)

MARC details
000 -LEADER
campo de control de longitud fija 00749nam a2200181 i 4500
001 - NÚMERO DE CONTROL
campo de control 164819
003 - IDENTIFICADOR DE NÚMERO DE CONTROL
campo de control ES-MaACL
005 - FECHA Y HORA DE LA ÚLTIMA TRANSACCIÓN
campo de control 20230906213020.0
008 - DATOS DE LONGITUD FIJA--INFORMACIÓN GENERAL
campo de control de longitud fija 050809s1891 sp | |||||||| ||spa d
040 ## - FUENTE DE CATALOGACIÓN
Centro catalogador/agencia de origen CAM
Lengua de catalogación spa
Centro/agencia transcriptor CAM
100 1# - ENTRADA PRINCIPAL--NOMBRE DE PERSONA
Nombre de persona Sastre y Marqués, Francisco.
9 (RLIN) 132489
245 10 - MENCIÓN DEL TÍTULO
Título Historia farmacológica del curare
Resto del título : discurso presentado para aspirar al Grado de Doctor en Farmacia /
Mención de responsabilidad, etc. por Francisco Sastre y Marqués.
260 ## - PUBLICACIÓN, DISTRIBUCIÓN, ETC.
Lugar de publicación, distribución, etc. Barcelona :
Nombre del editor, distribuidor, etc. [s.n.],
Fecha de publicación, distribución, etc. 1891 (
Fabricante Tipo-Litografía La Condal)
300 ## - DESCRIPCIÓN FÍSICA
Extensión 38 p. ;
Dimensiones 21 cm.
594 ## - Nota al título y mención de responsabilidad
Nota al título y mención de responsabilidad Precede la tit.: Universidad Central, Facultad de Farmacia.
650 #4 - PUNTO DE ACCESO ADICIONAL DE MATERIA--TÉRMINO DE MATERIA
Término de materia o nombre geográfico como elemento de entrada Curare.
9 (RLIN) 135858
852 ## - LOCALIZACIÓN
Ubicación ES-MaACL
Número de control de estantería T-1050-F-3
Nota libre -- Enc. hol. conservando la cub. original
-- -- Enc. en un vol. facticio
Holdings
Estatus retirado Estado de pérdida Estado de daño No para préstamo Colección Biblioteca de origen Biblioteca actual Ubicación en estantería Fecha de adquisición Total de préstamos Signatura topográfica completa Código de barras Visto por última vez Precio de reemplazo Tipo de ítem Koha
        Colección de folletos Biblioteca del Ateneo de Madrid Biblioteca del Ateneo de Madrid Depósito folletos 17/01/2008   T-1050-F-3 1172777 23/02/2023 23/02/2023 Folleto